Spotrebiteľská politika a gramotnosť spotrebiteľa na finančnom trhu
Teoretické vymedzenie finančnej gramotnosti a finančného vzdelávania. Činnosť Európskej únie zameraná na túto oblasť. Definovanie finančnej gramotnosti a finančného vzdelávania v oblasti poistenia. Výsledky výskumu úrovne finančnej gramotnosti mladých ľudí v oblasti poistenia.
Na minha lista:
| Autor principal: | |
|---|---|
| Outros Autores: | |
| Formato: | Capítulo de Livro |
| Idioma: | eslovaco |
| Assuntos: | |
| Tags: |
Sem tags, seja o primeiro a adicionar uma tag!
|
MARC
| LEADER | 00000naa$a2200000$$$4500 | ||
|---|---|---|---|
| 001 | 0209048 | ||
| 005 | 20240502073454.7 | ||
| 041 | 0 | |a slo | |
| 044 | |a SK | ||
| 245 | 1 | 0 | |a Spotrebiteľská politika a gramotnosť spotrebiteľa na finančnom trhu |c Anna Majtánová, Andrea Snopková |
| 520 | |a Teoretické vymedzenie finančnej gramotnosti a finančného vzdelávania. Činnosť Európskej únie zameraná na túto oblasť. Definovanie finančnej gramotnosti a finančného vzdelávania v oblasti poistenia. Výsledky výskumu úrovne finančnej gramotnosti mladých ľudí v oblasti poistenia. | ||
| 610 | 2 | 0 | |a trh finančný |
| 610 | 2 | 0 | |a spotrebitelia |
| 610 | 2 | 0 | |a politika spotrebiteľská |
| 610 | 2 | 0 | |a ochrana spotrebiteľa |
| 610 | 2 | 0 | |a gramotnosť finančná |
| 610 | 2 | 0 | |a vzdelávanie celoživotné |
| 610 | 2 | 0 | |a poistenie |
| 610 | 2 | 0 | |a Európska únia |
| 610 | 2 | 0 | |a Slovensko |
| 610 | 2 | 0 | |a štandardy |
| 100 | 1 | |a Majtánová, Anna | |
| 700 | 1 | |a Snopková, Andrea, 1987- | |